Central Library OPAC University of Rajshahi
Normal view MARC view

Entry Topical Term

Number of records used in: 4

001 - CONTROL NUMBER

  • control field: 14055

003 - CONTROL NUMBER IDENTIFIER

  • control field: BD-RjUL

005 - DATE AND TIME OF LATEST TRANSACTION

  • control field: 20241103121223.0

008 - FIXED-LENGTH DATA ELEMENTS

  • fixed length control field: 241103|| aca||aabn | a|a d

040 ## - CATALOGING SOURCE

  • Original cataloging agency: BD-RjUL
  • Transcribing agency: BD-RjUL

150 ## - HEADING--TOPICAL TERM

  • Topical term or geographic name entry element: Authors, Urdu Authors,
  • Chronological subdivision: Urdu 20th century 1900-1999

670 ## - SOURCE DATA FOUND

  • Source citation: Work cat.: (BD-RjUL)84215: ʻAbdulḥaq,عبدالحق 1869-1961. 14054, مکتوبات عبدالحق / Maktūbāt-i ʻAbdulḥaq : Bābāʼe Urdū ke adabī o ʻilmī k̲h̲ut̤ūt̤ kā majmūʻah /, [1963]